000 00852nam a2200253Ia 4500
008 131025s2004 sp ad frn 000 0 spa
020 _a8480197110
040 _aCO-BoUCM
_bspa
_cAngélica Rojas (modificó)
_dAldemar Mondragón (modificó)
041 0 0 _aspa
100 1 _aZimmermann, Klaus
_948988
245 1 0 _aEntrenamiento muscular
_cKlaus Zimmermann
260 _aBarcelona (España)
_bEditorial Paidotribo
_c2004
300 _a292 páginas
504 _aIncluye referencias bibliográficas
650 7 _aAnatomía
_99026
650 7 _aEjercicio
_913933
650 7 _aEstado físico
_915022
650 7 _aFisiología
_915925
650 7 _aFuerza muscular
_916171
690 _942818
_aFisiología
765 _aGesundheitonentiertes muskelkraining: theorie-empire
942 _cLIBRO
_a26
_e1
_mZ73e
_2NLM
_hQT 255
_n0
999 _c55451
_d55451